000 00687nam a2200253 a 4500
001 0001-1128
003 ELIB.Books
008 150504 2010 eng
020 _a10: 0978661222
035 _a(ELIB.Books)0001-1283
092 _a248
_bVer
100 _aVerheven, Theodore.
245 _aThe Deviation and Restoration of the Human Race
250 _aSecond Edition
260 _aNew York
_bNational Councle of the Churches of Christ
_c2011
300 _a905
_c22.5 Cm
500 _aVerheyen, T.
650 _aChristian Life
856 _nKBTS: Library
_uKBTS: Elib
942 _2ddc
_cBK
990 _a1
998 _cbat
_e2015-05-04
999 _c11128
_d11128